Dinosaures : oui ou non ? (Difficile) - Statistiques

Statistiques générales
  • Ce quiz a été pris 75 fois
  • Le résultat moyen est 18 sur 30
Statistiques - réponses
Question Réponse % Correct
Carcharodontosaurus Dino
89%
Iguanodon Dino
88%
Tiktaalik Autre
77%
Livyatan Autre
77%
Suchomimus Dino
77%
Mamenchisaurus Dino
74%
Inostrancevia Autre
70%
Diabloceratops Dino
67%
Thalassodromeus Autre
65%
Coelophysis Dino
65%
Diplocaulus Autre
63%
Chalicotherium Autre
61%
Alanqa Autre
60%
Kronosaurus Autre
58%
Palaeoloxodon Autre
58%
Deinotherium Autre
58%
Diictodon Autre
56%
Yi Dino
54%
Kaprosuchus Autre
53%
Coelodonta Autre
51%
Massospondylus Dino
49%
Canard Dino
49%
Erythrosuchus Autre
47%
Antarctopelta Dino
46%
Oxalaia Dino
46%
Aigle Dino
42%
Maip Dino
40%
Zalmoxes Dino
39%
Minmi Dino
37%
Miragaia Dino
35%
Aucun quiz correspondant
Distribution des résultats
% des personnes avec chaque résultat
Percentile par nombre de réponses
Votre historique - résultats
Vous n’avez pas pris ce quiz